000 01269nac a22003131i 4500
003 EG-ScBUE
005 20250731114140.0
008 250731s1992 enka f b 001 0 eng d
020 _a0521362881 (hardback)
020 _a9780521362887
040 _aEG-ScBUE
_beng
_erda
_cEG-ScBUE
_dEG-ScBUE
082 0 4 _a539.75
_bDON
_222
100 1 _aDonoghue, John F.,
_eauthor.
245 1 0 _aDynamics of the standard model /
_cJohn F. Donoghue, Eugene Golowich, Barry R. Holstein, University of Massachusetts, Amberst.
264 1 _aCambridge ;
_aNew York :
_bCambridge University Press,
_c1992.
300 _axviii, 540 pages :
_billustrations ;
_c26 cm
336 _2rdacontent
_atext
_btxt
337 _aunmediated
_2rdamedia
_bn
338 _avolume
_bnc
_2rdacarrier
504 _aIncludes bibliographical references and index.
650 7 _aStandard model (Nuclear physics)
_2BUEsh
650 7 _aElectroweak interactions.
_2BUEsh
655 _vReading book
700 1 _aGolowich, Eugene,
_d1939-
_eauthor.
700 1 _aHolstein, Barry R.,
_d1943-
_eauthor.
856 4 2 _3Publisher description
_uhttp://www.loc.gov/catdir/description/cam032/91019007.html
856 4 2 _3Table of contents
_uhttp://www.loc.gov/catdir/toc/cam032/91019007.html
942 _cBB
_2ddc
999 _c7396
_d7396